000 01046nam a2200217Ia 4500
003 Ost
005 20260507075051.0
008 260507s9999||||xx |||||||||||||| ||und||
040 _cfsecg
041 _aara
082 _a658.4012
100 _aأبو قحف، عبد السلام
_eمؤلف
245 0 _aدراسة الحالات في سياسات الأعمال /
_c عبد السلام أبو قحف
260 _aالاسكندرية:
_bمؤسسة شباب الجامعة,
_c2005
300 _a189 صفحة؛
_bإيضاحات ؛
_c24 سم
520 _aتحسين القدرة على حل المشكلات، دراسة وتحليل الحالات الواقعية وبدائل الحلول والتوصيات المقترحة، شركة الملح والصودا المصرية، الشركة الاسكتلندية لخدمات النقل والتجارة في مصر، حالات غير محلولة للمناقشة
653 _aإدارة الأعمال
653 _aالتجارة
653 _aالنقل
942 _cكتاب
999 _c42659
_d42659